Compulsory purchase and compensation (Record no. 115108)

MARC details
000 -LEADER
fixed length control field 00966cam a22002535a 4500
001 - CONTROL NUMBER
control field L158056
008 - FIXED-LENGTH DATA ELEMENTS--GENERAL INFORMATION
fixed length control field 091029s2014 xxk f 000 0 eng d
020 ## - INTERNATIONAL STANDARD BOOK NUMBER
International Standard Book Number 9780415629928
035 ## - SYSTEM CONTROL NUMBER
System control number (Sirsi) u158056
041 0# - LANGUAGE CODE
Language code of text/sound track or separate title eng
050 04 - LIBRARY OF CONGRESS CALL NUMBER
Classification number 711.14
100 1# - MAIN ENTRY--PERSONAL NAME
Personal name Denyer-Green, Barry
245 00 - TITLE STATEMENT
Title Compulsory purchase and compensation
250 ## - EDITION STATEMENT
Edition statement 10th ed.
260 ## - PUBLICATION, DISTRIBUTION, ETC.
Place of publication, distribution, etc. London
Name of publisher, distributor, etc. EG Books
Date of publication, distribution, etc. 2014
300 ## - PHYSICAL DESCRIPTION
Extent lv, 389p.
Dimensions 24cm.
520 ## - SUMMARY, ETC.
Summary, etc. Considers compulsory purchase powers, how those powers can be exercised and compensation for compulsory purchase. This edition has been extensively revised and reflects the Localism Act 2011 and other recent decisions of the courts and the Upper Tribunal.
520 ## - SUMMARY, ETC.
Summary, etc. Supersedes 9th ed. (ISBN 9780728205741).
521 ## - TARGET AUDIENCE NOTE
Target audience note Advanced
590 ## - LOCAL NOTE (RLIN)
Local note KA
651 #4 - SUBJECT ADDED ENTRY--GEOGRAPHIC NAME
Geographic name England and Wales
Chronological subdivision 1543-
690 ## - LOCAL SUBJECT ADDED ENTRY--TOPICAL TERM (OCLC, RLIN)
Topical term or geographic name as entry element ENVIRONMENTAL AND LAND CONSULTANCY-PLANNING AND DEVELOPMENT-COMPULSORY PURCHASE AND COMPENSATION
942 ## - ADDED ENTRY ELEMENTS (KOHA)
Suppress in OPAC 0
Holdings
Withdrawn status Lost status Source of classification or shelving scheme Damaged status Not for loan Home library Current library Shelving location Date acquired Total Checkouts Full call number Barcode Date last seen Date last checked out Copy number Price effective from Koha item type
    Dewey Decimal Classification     London London Books 27/02/2014 1 711.14 30075166 06/08/2019 13/01/2017 1 06/08/2019 Book